Historia oral : Construcción del archivo histórico escolar. Una herramienta para la enseñanza de las ciencias sociales /

Laura Benadiba y Daniel Plotinsky presentan una herramienta privilegiada para abordar la enseñanza de las ciencias sociales en la escuela primaria. Se trata de la creación de un archivo que documente la historia de la institución, sus docentes y alumnos y el contexto barrial en el que la misma está...

Full description

Bibliographic Details
Main Author: Benadiba, Laura
Other Authors: Plotinsky, Daniel
Format: Libro
Language:Spanish
Published: Buenos Aires Novedades educativas 2001
Series:Recursos didácticos
Subjects:
Online Access:

MARC

LEADER 00000cam a2200000 a 4500
001 016144
003 UAHC_CL
005 20170803121332.0
008 080811s2001 ag 000 spa
020 |a 9875380423 
040 |a UAHC_CL  |c UAHC_CL  |d UAHC_CL 
082 0 4 |a 372.83  |b B456  |2 20 
100 1 |a Benadiba, Laura 
245 1 0 |a Historia oral :  |b Construcción del archivo histórico escolar. Una herramienta para la enseñanza de las ciencias sociales /  |c Laura Benadiba, Daniel Plotinsky. 
260 |b Novedades educativas  |a Buenos Aires  |c 2001 
300 |a 126 p. 
490 0 |a Recursos didácticos 
520 |a Laura Benadiba y Daniel Plotinsky presentan una herramienta privilegiada para abordar la enseñanza de las ciencias sociales en la escuela primaria. Se trata de la creación de un archivo que documente la historia de la institución, sus docentes y alumnos y el contexto barrial en el que la misma está ubicada. El proyecto apunta, entre otras cuestiones, a elaborar estrategias que permitan superar las dificultades que los alumnos tienen para la comprensión de los conceptos históricos y sociales y enseñar una historia con protagonistas, eludiendo una visión despersonalizada de la disciplina, en la que los actores sociales son meras abstracciones alejadas de la vida. Los autores se detienen a explicar a alumnos y docentes qué es la historia oral y ofrecen orientaciones metodológicas para la construcción del archivo, que estará compuesto por los testimonios de diferentes actores: antiguos vecinos, ex-docentes y alumnos, recuperados a través de entrevistas realizadas por los alumnos de la escuela. 
650 4 |a CIENCIAS SOCIALES  |x ENSEÑANZA 
653 |a PEDAGOGIA EN EDUCACION BASICA 
653 |a PEDAGOGIA EN HISTORIA Y CIENCIAS SOCIALES 
700 1 |a Plotinsky, Daniel 
900 |a 372.83 BEN 
942 |c BK 
952 |0 0  |1 0  |4 0  |6 372_830000000000000_BEN  |7 0  |8 General  |9 32185  |a BC  |b BC  |c General  |d 2017-08-03  |l 1  |o 372.83 BEN  |p 1364904  |r 2026-01-13 00:00:00  |s 2018-08-21  |t 1  |w 2017-08-03  |y BK 
999 |c 16144  |d 16144